Music Quiz

Random Music or Artist Quiz

Name The Band/Artist shown in these pictures Quiz Stats

 Plays Quiz not verified by Sporcle

Score 0/38 Timer 12:00
0 Plays Today
% Correct
One Direction
94.1%
The Beatles
90.1%
The Rolling Stones
87.1%
Beyonce
87.1%
Eminem
86.1%
Justin Timberlake
85.1%
Taylor Swift
83.2%
Jay Z
81.2%
Foo Fighters
81.2%
Queen
76.2%
Justin Bieber
74.3%
The Beach Boys
72.3%
Pink
68.3%
Jonas Brothers
68.3%
ACDC
62.4%
Ed Sheeran
58.4%
Jessie J
57.4%
Coldplay
53.5%
The Killers
43.6%
% Correct
Fun
41.6%
Take That
38.6%
Fall Out Boy
37.6%
Kings Of Leon
36.6%
Olly Murs
35.6%
Blue
29.7%
JLS
25.7%
Snow Patrol
25.7%
Westlife
24.8%
Mcfly
23.8%
All Time Low
23.8%
Busted
22.8%
5 Seconds Of Summer
21.8%
The Vamps
20.8%
Emeli Sande
20.8%
Union J
16.8%
Five
14.9%
Lawson
13.9%
You Me At Six
6.9%

You're not logged in!

Compare scores with friends on all Sporcle quizzes.
OR
Log In

Show Comments

Extras

Created Feb 11, 2014ReportNominate
Tags:Artist Quiz, Bands Quiz

Top Quizzes Today


Score Distribution

Your Account Isn't Verified!

In order to create a playlist on Sporcle, you need to verify the email address you used during registration. Go to your Sporcle Settings to finish the process.

Report this User

Report this user for behavior that violates our Community Guidelines.

Details: